| 000 | 01520nam a2200241 a 4500 | ||
|---|---|---|---|
| 001 | 000006691 | ||
| 005 | 20200929153957.0 | ||
| 008 | 090902s1992 sp 000 0 spa d | ||
| 020 | _a8400072286 | ||
| 040 |
_aDO-SdBNP _bspa _cBNPHU |
||
| 082 | _axxxxx | ||
| 100 | 1 |
_aLuciano _918640 |
|
| 245 | 1 | 0 |
_aObras / _cLuciano ; director Francisco Rodríguez Adrados. |
| 250 | _a2a ed. | ||
| 260 |
_aMadrid : _bConsejo Superior de Investigaciones Científicas, _c1992. |
||
| 300 |
_a4 v. : _bil. ; _c22 cm. |
||
| 490 | 1 | _aAlma Mater | |
| 490 | 1 | _aAutores griegos y latinos | |
| 505 | 0 |
_gv.1: _tEl sueño; _tDiálogo de los dioses; _tDiálogos marino-- _gv.II: _tDiálogos de los muertos; _tEl aficionado a las mentiras; _tSobre la muerte de peregrino -- _gv.III: _tFálaris 1-2; _tProemio: Dionisio; _tProemio: Héracles; _tAcerca del ámbar o de los cisnes; _tEncomino de las moscas; _tEncomio de la patria; _tSobre por qeé no hay que dar crédito sin más a la calumnia ; _tDos veces acusado; _tEl tiranicida; _tEl hijos repudiado ; _tTóxaris o la amistad ; _tSobre las dipsadas ; _tSobre un error cometido ; _tAl saludar; _tHarmónides ; _tEl escita o el cónsul -- _gv. IV: _tTimón o el misántropo; _tContra el ignorante; _tQue compraba muchos libros ; _tAcerca del parásito o que el parasitismo es un arte; _tSobre los que están a sueldo; _tApología de los que están a sueldo; _tEl cínico ; _tDiálogos de Heteras. |
|
| 700 | 1 |
_aRodríguez Adrados, Francisco _918641 |
|
| 830 | 0 |
_aAlma Mater _9807 |
|
| 830 | 0 |
_aAutores griegos y latinos _915129 |
|
| 999 |
_c6480 _d6480 |
||